000 00423nam a2200145Ia 4500
008 231129s1999||||xx |||||||||||||| ||spa||
020 _a958-9235-63-8
040 _bspa
082 _aU860.6 M379t
100 _aMartin Diaz Jorge A.
245 0 _aAnalisis literario Tabaré : Juan Zorrilla de San Martin
260 _c1999
264 _aBogota (Colombia) : Esquilo
942 _2ddc
_cBKS
999 _c5124
_d5124